00256nam a22000977a 4500022002700000082000800027100002500035245006000060260002800120300001000148 a2520-503X, e:2523-0026 a330 aAshfaque Hasan Khan. aNUST Journal of Social Sciences and Humanities /cNJSSH aIslamabad:bS3H - NUST, c24cm.